| 000 | 00326 a2200133 4500 | ||
|---|---|---|---|
| 999 |
_c325414 _d325414 |
||
| 001 | 90341 | ||
| 003 | NUST | ||
| 082 | _a891.4391 KHA | ||
| 100 |
_aKhalid Sharief _99747 |
||
| 245 |
_aBichrra Kuch Iss Ada Say _hUrdu |
||
| 260 |
_aLahore _bMavra Publications _c2013 |
||
| 300 | _a160p. | ||
| 500 | _aGeneral Books | ||
| 942 |
_aCAE NUST _cBK _k891.4391 KHA _2ddc |
||